000 00558nam a22002057a 4500
003 OSt
005 20160316181955.0
008 160316b xxu||||| |||| 00| 0 eng d
020 _a9780702045868
040 _cDNLM
082 _aWY157.3 F862s 2012
100 _aFraser, Diane; Cooper, Margaret A.
_97373
245 _aSurvival Guide to Midwifery
250 _a2nd ed.
260 _aEdinburgh; Churchill, 2012
300 _axii,470p; col.ill: 19cm
504 _aAppendices, glossary, & index included
650 _aMidwifery
_9481
942 _2z
_cO_SHELF
999 _c3286
_d3286